Регионална библиотека "Любен Каравелов" - Русе

[Тринадесет] 13 причини защо (Запис номер 127833)

MARC детайли
000 -Лидер
Контролно поле с фиксирана дължина 01267nam a2200349 c 4500
003 - Код на организацията, давaща контролен номер
Контролно поле BLK
005 - Дата и час на последна редакция
Контролно поле 20250628162058.0
008 - Елементи от данни с фиксирана дължина
fixed length control field 180409b bul|||||r ||||||| ||bul||
010 ## - Наследен системен номер
LC control number KNG00133551000
020 ## - Международен стандартен номер на книга ISBN
Международен стандартен номер на книга ISBN 978-954-8657-68-6
040 ## - Източник на каталожния запис
Идентификатор на билиотеката - собственик на записа BLK
041 ## - Код за език
Код за езика на текст/звукозапис или на отделно заглавие Български
Код за езика КДБФ Български
072 #7 - Код за тематичната категория
Код организация bullib
Код за тематична категория Н83
Текст Чужда художествена литература Н
080 ## - УДК
Текстов определител УДК Американска литература (на САЩ)
УДК код - определител по УДК 821.111(73)
УДК определител -31
УДК - код + определител 821.111(73)-31
100 1# - Редна дума - Автор
Автор Ашър, Джей
Авторска отговорност първи автор
R(LIN) 320902
139 ## - Редно поле
Редна дума Ашър, Джей
Авторски знак Аш - А 98
245 10 - Сведения за заглавието
Заглавие [Тринадесет] 13 причини защо
Редно поле (дума) Джей Ашър; прев. от англ. Мария Кирова Чайлд.
257 ## - Страна на издаване
Страна на създаване/издаване Съединени американски щати
260 ## - Област на издателските данни
Име на издателя, разпространителя и проч. Enthusiast
Година на издаване 2011
Печатница София : Хеликс прес
300 ## - Физическа характеристика
Страници 288 с.
Размери/Мащаб 21 см
380 ## - Жанр
Жанр Худож. лит.
500 ## - Общи забележки
Забележка Ориг. загл. Thirteen reasons why / Jay Asher.
659 ## - Тематичен бюлетин
Тематичен бюлетин Н
700 1# - Други автори (авторска отговорност)
Лично име Чайлд, Мария Кирова
Автороска отговорност (Описва отношението между автора и произведението) прев. от англ.
9 (RLIN) 289094
852 ## - Местоположение
Форматна сигнатура Цб 256195
856 4# - Електронен адрес и достъп
Електронен формат pdf - файл
856 4# - Електронен адрес и достъп
Електронен формат pdf - файл
999 ## - СИСТЕМНИ КОНТРОЛНИ НОМЕРА
Koha biblionumber 127833
Koha biblioitemnumber 127833
942 ## - АРТИКУЛИ
Вид на библиотечния материал Книги
Скрит в OPAC Не
Периодичен библиозапис Да
Koha issues (borrowed), all copies 42
944 ## - СЪЗДАВАНЕ И РЕДАКЦИЯ на ЗАПИСА
Създаване/Редакция Създаване
Дата на регистрацията/редакция 13.09.2012
Служител, извършил регистрацията/редакцията 30570
Статус, дата на статуса Моника Янева
944 ## - СЪЗДАВАНЕ И РЕДАКЦИЯ на ЗАПИСА
Създаване/Редакция Редакция
Дата на регистрацията/редакция 25.02.2013
999 ## - СИСТЕМНИ КОНТРОЛНИ НОМЕРА
Koha biblioitemnumber 127833
Наличности
Код за отписване Код за изгубен артикул Код за повреда Коз за рестрикции Код за отдаване Артикулен № Име на библиотеката - собственик Име на библиотеката, в която се намира в момента Статус (Текущо местоположение) Дата на вписване в системата Местоположение - отдел Цена в лева Инвентарен номер Систематично азбучна сигнатура Баркод Номер на екземпляра Цена в евро Служебна бележка Служебен тип на артикула Източник на класификационната схема
  Не е изгубен Не е повреден без рестрикции ползва се в читалня 207850 Регионална библиотека "Любен Каравелов" Русе Регионална библиотека "Любен Каравелов" Русе Хранилище 2012-09-13 Хранилище 14.00 120000759728 Цб 256195 120000759728 1 7.16 Дост: Dp Вид: Д N: 29 Дата: 18.07.2011 Книги  
  Не е изгубен Не е повреден   заемане за дома 737218 Регионална библиотека "Любен Каравелов" Русе Регионална библиотека "Любен Каравелов" Русе Заемна - подръчен фонд 2019-09-09 Заемна - подръчен фонд 10.50   П 820(73)-31/А 98 120000836034   5.37   Книги Universal Decimal Classification
  Не е изгубен Не е повреден без рестрикции заемане за дома 751309 Регионална библиотека "Любен Каравелов" Русе Регионална библиотека "Любен Каравелов" Русе Заемна - подръчен фонд 2019-12-09 Заемна - подръчен фонд 10.95   П 820(73)-31/А 98 120000839550   5.60   Книги Universal Decimal Classification
  Не е изгубен Не е повреден без рестрикции заемане за дома 751310 Регионална библиотека "Любен Каравелов" Русе Регионална библиотека "Любен Каравелов" Русе Заемна - подръчен фонд 2019-12-09 Заемна - подръчен фонд 10.95   П 820(73)-31/А 98 120000839551   5.60   Книги Universal Decimal Classification
Vip Innovations Ltd, Rousse, Bulgaria 2025